[Event "Leverkusen-ch op"]
[Site "Leverkusen"]
[Date "2009.03.02"]
[Round "5"]
[White "Guelden, Ralf"]
[Black "Azimi, Reza"]
[Result "1-0"]
[WhiteElo "1636"]
[BlackElo "1437"]
[PlyCount "81"]
[EventDate "2009.01.12"]
[EventType "swiss"]
[EventRounds "7"]
[EventCountry "GER"]
[SourceTitle "EXT 2010"]
[Source "ChessBase"]
[SourceDate "2010.11.25"]
[SourceVersion "1"]
[SourceVersionDate "2010.11.25"]
[SourceQuality "1"]

1. d4 d5 2. c4 e6 3. Nc3 c6 4. cxd5 cxd5 5. Nf3 Nc6 6. e3 a6 7. a3 Nf6 8. Bd3 b5 9. b4 Bb7 10. 0-0 Bd6 11. Bb2 Ng4 12. h3 h5 13. Rc1 Qb8 14. e4 Nh2 15. Nxh2 Bxh2+ 16. Kh1 Bc7 17. exd5 Nxd4 18. Be4 e5 19. Ne2 Nxe2 20. Qxe2 Qd8 21. Rfd1 Qd6 22. Bf3 g6 23. Rxc7 Qxc7 24. Bxe5 Qe7 25. Bxh8 Qxe2 26. Bxe2 Kd7 27. Bf6 Rc8 28. Bf3 Rc2 29. Bd4 Ra2 30. Rd3 Kd6 31. Bc5+ Kd7 32. h4 Rc2 33. g3 a5 34. Kg2 axb4 35. axb4 Rc4 36. d6 Bxf3+ 37. Rxf3 f5 38. Re3 Re4 39. Rxe4 fxe4 40. Kf1 Ke6 41. Ke2 1-0

[Event "Leverkusen-ch op"]
[Site "Leverkusen"]
[Date "2008.01.14"]
[Round "1"]
[White "Azimi, Reza"]
[Black "Gnass, Arno"]
[Result "0-1"]
[WhiteElo "1321"]
[BlackElo "1639"]
[PlyCount "96"]
[EventDate "2008.01.14"]
[EventType "swiss"]
[EventRounds "7"]
[EventCountry "GER"]
[SourceTitle "EXT 2010"]
[Source "ChessBase"]
[SourceDate "2010.11.25"]
[SourceVersion "1"]
[SourceVersionDate "2010.11.25"]
[SourceQuality "1"]

1. e4 e5 2. Nf3 Nf6 3. Bc4 Nxe4 4. 0-0 d5 5. Bb3 Nc6 6. a3 Bc5 7. d3 Nf6 8. Bg5 0-0 9. Nc3 e4 10. dxe4 dxe4 11. Nxe4 Qxd1 12. Nxf6+ gxf6 13. Raxd1 fxg5 14. Nxg5 Bf5 15. Rd5 Bxa3 16. Rxf5 Bxb2 17. Rxf7 Rxf7 18. Nxf7 Kg7 19. Ng5 Nd4 20. Rd1 a5 21. Ne6+ Nxe6 22. Bxe6 a4 23. Rd7+ Kf6 24. Ba2 Re8 25. g3 Re1+ 26. Kg2 Ra1 27. Bc4 Be5 28. Rxh7 a3 29. Rh8 Rc1 30. Bb3 Ke7 31. Ra8 Bd6 32. h4 Kf6 33. Kf3 b5 34. Kg4 c5 35. Ra6 Ke7 36. f4 c4 37. Ra7+ Kf6 38. Ra6 Ke7 39. Ra7+ Kd8 40. Ra6 cxb3 41. Rxd6+ Kc7 42. Ra6 b2 43. Rxa3 b1Q 44. Rb3 Qxc2 45. Rxb5 Kc6 46. Re5 Rg1 47. Rg5 Kd6 48. h5 Qe2+ 0-1

[Event "Leverkusen-ch op"]
[Site "Leverkusen"]
[Date "2007.03.12"]
[Round "6"]
[White "Witte, Thomas"]
[Black "Azimi, Reza"]
[Result "1-0"]
[WhiteElo "1627"]
[BlackElo "1477"]
[PlyCount "41"]
[EventDate "2007.01.08"]
[EventType "swiss"]
[EventRounds "7"]
[EventCountry "GER"]
[SourceTitle "EXT 2008"]
[Source "ChessBase"]
[SourceDate "2007.11.25"]
[SourceVersion "1"]
[SourceVersionDate "2007.11.25"]
[SourceQuality "1"]

1. e4 c5 2. f4 e5 3. Nf3 d6 4. Bc4 h6 5. fxe5 Be7 6. 0-0 Bg4 7. Bxf7+ Kd7 8. exd6 Bxd6 9. Ne5+ Bxe5 10. Qxg4+ Kc7 11. Nc3 Nf6 12. Nb5+ Kb6 13. Qe6+ Nc6 14. a4 a5 15. d3 h5 16. Bf4 Bxf4 17. Rxf4 Rh6 18. Qb3 Ka6 19. Bc4 Rc8 20. Nd6+ Ka7 21. Qxb7# 1-0

[Event "EU-ch 6th"]
[Site "Warsaw"]
[Date "2005.06.30"]
[Round "12"]
[White "Bente, Bjoern"]
[Black "Azimi, Reza"]
[Result "1-0"]
[WhiteElo "2218"]
[BlackElo "2144"]
[PlyCount "103"]
[EventDate "2005.06.18"]
[EventType "swiss"]
[EventRounds "13"]
[EventCountry "POL"]
[SourceTitle "CBM 108"]
[Source "ChessBase"]
[SourceDate "2005.09.26"]
[SourceVersion "1"]
[SourceVersionDate "2005.09.26"]
[SourceQuality "1"]

1. d4 Nf6 2. c4 e5 3. dxe5 Ne4 4. a3 a5 5. Nf3 Nc6 6. Qc2 d5 7. exd6 Bf5 8. dxc7 Qxc7 9. Nc3 Nd6 10. e4 Bg4 11. Bf4 Bxf3 12. gxf3 Nd4 13. Qa4+ Qc6 14. Qxc6+ bxc6 15. 0-0-0 c5 16. Ne2 Nb7 17. Nxd4 cxd4 18. Rxd4 Bc5 19. Rd2 0-0 20. Be3 Bxe3 21. fxe3 Nc5 22. Rd5 Nb3+ 23. Kc2 a4 24. Be2 Rfc8 25. Rhd1 Na5 26. Kb1 g6 27. Rc1 Nb3 28. Rc3 Nc5 29. e5 Rc7 30. f4 Re8 31. Bf3 Kg7 32. Rd6 g5 33. Rc6 Rxc6 34. Bxc6 Re6 35. Bd5 Rh6 36. Rc2 Rh3 37. Rg2 Rxe3 38. Rxg5+ Kf8 39. Rf5 Re1+ 40. Kc2 Re2+ 41. Kc3 Rxh2 42. Rxf7+ Ke8 43. Rc7 Rh3+ 44. Kd4 Nb3+ 45. Ke4 Nd2+ 46. Kf5 Rh6 47. e6 Nf1 48. Ke5 Ne3 49. f5 Ng4+ 50. Kd6 Kf8 51. Rf7+ Ke8 52. Bc6+ 1-0